| 000 | 01311nam a2200313 a 4500 | ||
|---|---|---|---|
| 001 | ebr10574905 | ||
| 003 | CaPaEBR | ||
| 006 | m u | ||
| 007 | cr cn||||||||| | ||
| 008 | 120709s2012 enka s 001 0 eng d | ||
| 020 | _z9781849513586 | ||
| 020 | _z9781849513593 (e-book) | ||
| 040 |
_aCaPaEBR _cCaPaEBR |
||
| 035 | _a(OCoLC)802051607 | ||
| 050 | 1 | 4 |
_aQA76.9.D3 _bJ87 2012eb |
| 100 | 1 | _aJuravich, Tim. | |
| 245 | 1 | 0 |
_aCouchDB and PHP web development beginner's guide _h[electronic resource] : _bget your PHP application from conception to deployment by leveraging CouchDB's robust features / _cTim Juravich. |
| 260 |
_aBirmingham : _bPackt Pub., _c2012. |
||
| 300 |
_aix, 284 p. : _bill. (some col.) |
||
| 500 | _aIncludes index. | ||
| 500 | _a"Learn by doing : less theory, more results"--Cover. | ||
| 533 |
_aElectronic reproduction. _bPalo Alto, Calif. : _cebrary, _d2011. _nAvailable via World Wide Web. _nAccess may be limited to ebrary affiliated libraries. |
||
| 650 | 0 | _aDatabase management. | |
| 650 | 0 | _aPHP (Computer program language) | |
| 650 | 0 | _aWeb site development. | |
| 655 | 7 |
_aElectronic books. _2local |
|
| 710 | 2 | _aebrary, Inc. | |
| 856 | 4 | 0 |
_uhttp://site.ebrary.com/lib/rucke/Doc?id=10574905 _zAn electronic book accessible through the World Wide Web; click to view |
| 999 |
_c181588 _d181588 |
||